UBT Library

THE RIGHT STUFF FOR CHLIDREN BIRTH TO 8 (Record no. 59356)

000 -LEADER
fixed length control field 00335nam a22001457a 4500
008 - FIXED-LENGTH DATA ELEMENTS--GENERAL INFORMATION
fixed length control field 230221b ||||| |||| 00| 0 eng d
020 ## - INTERNATIONAL STANDARD BOOK NUMBER
International Standard Book Number 0935989722
041 ## - LANGUAGE CODE
Language code of text/sound track or separate title eng
080 ## - UNIVERSAL DECIMAL CLASSIFICATION NUMBER
Universal Decimal Classification number 610.73
082 ## - DEWEY DECIMAL CLASSIFICATION NUMBER
Classification number 610.73BET
100 ## - Rafti
Rafti 4
101 ## - Shkurtesa
Shkurtesa INF
245 ## - TITLE STATEMENT
Title THE RIGHT STUFF FOR CHLIDREN BIRTH TO 8
Statement of responsibility, etc BRONSON.B.M
942 ## - ADDED ENTRY ELEMENTS (KOHA)
Source of classification or shelving scheme
Item type Books
Holdings
Withdrawn status Lost status Source of classification or shelving scheme Damaged status Not for loan Collection code Permanent location Current location Date acquired Total Checkouts Full call number Barcode Date last seen Price effective from Koha item type
          Koleksioni i përgjithshem UBT - Lipjan UBT - Lipjan 02/21/2023   610.73BET 003-323 02/21/2023 02/21/2023 Books
UBT Library © 2015-2024. All rights reserved University Education for Business and Technology